[Event "DEM U14w 2018"]
[Site "Willingen GER"]
[Date "2018.05.21"]
[Round "3"]
[White "Fuchs, Emily"]
[Black "Basovskiy, Jana"]
[Result "0-1"]
[Termination "normal"]
[Board "11"]
[WhiteElo "1280"]
[BlackElo "1862"]
[WhiteClock "00:26:52"]
[BlackClock "00:32:36"]
[PlyCount "85"]
[WhiteFideId "16208986"]
[BlackFideId "16208617"]
[EventCountry "GER"]
[EventRounds "9"]
[EventType "swiss"]
[EventDate "2018.05.19"]

1. e4 {[%clk 1:30:58]} 1... c5 {[%clk 1:30:57]} 2. d4 {[%clk 1:31:24]} 2...
cxd4 {[%clk 1:31:24]} 3. c3 {[%clk 1:31:50]} 3... Nf6 {[%clk 1:31:50]} 4. e5 {
[%clk 1:31:53]} 4... Nd5 {[%clk 1:32:16]} 5. cxd4 {[%clk 1:30:30]} 5... e6 {
[%clk 1:32:31]} 6. Bd2 {[%clk 1:28:59]} 6... Nc6 {[%clk 1:31:42]} 7. Nf3 {
[%clk 1:28:32]} 7... d6 {[%clk 1:31:14]} 8. Nc3 {[%clk 1:21:43]} 8... dxe5 {
[%clk 1:12:20]} 9. dxe5 {[%clk 1:21:06]} 9... Be7 {[%clk 1:11:44]} 10. a3 {
[%clk 1:16:54]} 10... O-O {[%clk 1:09:28]} 11. Qc2 {[%clk 1:12:23]} 11... Nxc3
{[%clk 0:57:53]} 12. Bxc3 {[%clk 1:11:47]} 12... Qc7 {[%clk 0:57:34]} 13. Bd3 {
[%clk 1:09:04]} 13... h6 {[%clk 0:55:13]} 14. O-O {[%clk 1:07:09]} 14... Bd7 {
[%clk 0:54:48]} 15. Rae1 {[%clk 0:53:59]} 15... Rac8 {[%clk 0:51:14]} 16. Qe2 {
[%clk 0:49:44]} 16... Rfd8 {[%clk 0:45:20]} 17. Nd2 {[%clk 0:48:17]} 17... Be8
{[%clk 0:40:43]} 18. Bb1 {[%clk 0:32:16]} 18... Rd5 {[%clk 0:35:52]} 19. f4 {
[%clk 0:22:58]} 19... Bc5+ 20. Kh1 {[%clk 0:19:07]} 20... Nd4 {[%clk 0:28:34]}
21. Qg4 {[%clk 0:16:57]} 21... Bb5 {[%clk 0:26:38]} 22. Bxd4 {[%clk 0:14:19]}
22... Rxd4 {[%clk 0:19:59]} 23. Nb3 {[%clk 0:13:14]} 23... Bxf1 {[%clk 0:16:46]
} 24. Nxd4 {[%clk 0:13:33]} 24... Bxd4 {[%clk 0:16:57]} 25. Rxf1 { [%clk
0:13:56]} 25... Bxb2 {[%clk 0:17:05]} 26. a4 {[%clk 0:12:42]} 26... Qc4 { [%clk
0:16:06]} 27. Qd1 {[%clk 0:12:13]} 27... Qd5 {[%clk 0:12:08]} 28. Bc2 { [%clk
0:09:03]} 28... Qxd1 {[%clk 0:07:16]} 29. Bxd1 {[%clk 0:09:24]} 29... Kf8
{[%clk 0:07:41]} 30. g3 {[%clk 0:09:34]} 30... Rd8 {[%clk 0:07:17]} 31. Bf3 {
[%clk 0:09:09]} 31... b6 {[%clk 0:07:02]} 32. Rb1 {[%clk 0:07:57]} 32... Ba3 {
[%clk 0:06:34]} 33. Rb3 {[%clk 0:05:45]} 33... Bc5 {[%clk 0:06:52]} 34. Be4 {
[%clk 0:05:19]} 34... Rd1+ {[%clk 0:06:14]} 35. Kg2 {[%clk 0:05:38]} 35... Rd2+
{[%clk 0:06:40]} 36. Kh3 {[%clk 0:05:40]} 36... Bg1 {[%clk 0:05:32]} 37. Bg2 {
[%clk 0:05:58]} 37... g5 {[%clk 0:04:33]} 38. fxg5 {[%clk 0:04:04]} 38... hxg5
{[%clk 0:05:02]} 39. g4 {[%clk 0:03:53]} 39... Ra2 {[%clk 0:04:36]} 40. Kg3 {
[%clk 0:02:44]} 40... Rxa4 {[%clk 0:04:07]} 41. h4 {[%clk 0:29:07]} 41... gxh4+
{[%clk 0:32:30]} 42. Kxh4 {[%clk 0:26:52]} 42... Ra5 {[%clk 0:32:36]} 43. Rb1
0-1

[Event "DEM U14w 2018"]
[Site "Willingen GER"]
[Date "2018.05.21"]
[Round "3"]
[White "Zixin, Li"]
[Black "Schwegler, Jelena"]
[Result "0-1"]
[Termination "normal"]
[Board "12"]
[WhiteElo "1423"]
[BlackElo "1491"]
[WhiteClock "00:12:06"]
[BlackClock "00:16:37"]
[PlyCount "108"]
[WhiteFideId "16244770"]
[BlackFideId "16225481"]
[EventCountry "GER"]
[EventRounds "9"]
[EventType "swiss"]
[EventDate "2018.05.19"]

1. e4 {[%clk 1:30:57]} 1... e5 {[%clk 1:30:55]} 2. Nf3 {[%clk 1:31:22]} 2...
Nc6 {[%clk 1:31:18]} 3. Bc4 {[%clk 1:31:45]} 3... Nf6 {[%clk 1:31:43]} 4. d3 {
[%clk 1:31:57]} 4... Bc5 {[%clk 1:31:51]} 5. Nc3 {[%clk 1:32:12]} 5... d6 {
[%clk 1:31:23]} 6. Be3 {[%clk 1:32:20]} 6... Bb6 {[%clk 1:30:41]} 7. Qd2 {
[%clk 1:32:43]} 7... Be6 {[%clk 1:30:33]} 8. Bb3 {[%clk 1:32:59]} 8... Qe7 {
[%clk 1:25:45]} 9. O-O-O {[%clk 1:24:11]} 9... O-O-O {[%clk 1:14:04]} 10. d4 {
[%clk 1:15:44]} 10... exd4 {[%clk 1:00:38]} 11. Nxd4 {[%clk 1:14:26]} 11...
Bxb3 {[%clk 0:57:37]} 12. Nxc6 {[%clk 1:14:16]} 12... bxc6 {[%clk 0:57:29]} 13.
axb3 {[%clk 1:08:36]} 13... d5 {[%clk 0:48:45]} 14. Qe2 {[%clk 1:02:21]} 14...
d4 {[%clk 0:44:43]} 15. Qa6+ {[%clk 0:55:40]} 15... Kb8 {[%clk 0:44:11]} 16.
Bxd4 {[%clk 0:45:02]} 16... Bxd4 {[%clk 0:40:29]} 17. Qxc6 {[%clk 0:35:05]}
17... Qc5 {[%clk 0:34:28]} 18. Qxc5 {[%clk 0:29:27]} 18... Bxc5 {[%clk 0:34:49]
} 19. f3 {[%clk 0:29:47]} 19... c6 {[%clk 0:33:33]} 20. e5 {[%clk 0:27:02]}
20... Nd5 {[%clk 0:31:42]} 21. Nxd5 {[%clk 0:23:17]} 21... Rxd5 {[%clk 0:31:44]
} 22. f4 {[%clk 0:23:15]} 22... Rhd8 {[%clk 0:31:37]} 23. Rxd5 {[%clk 0:21:02]}
23... Rxd5 {[%clk 0:31:54]} 24. g3 {[%clk 0:21:00]} 24... Be3+ {[%clk 0:30:33]}
25. Kb1 {[%clk 0:21:07]} 25... Rd2 {[%clk 0:29:19]} 26. Re1 {[%clk 0:20:03]}
26... Bf2 {[%clk 0:27:51]} 27. Rf1 {[%clk 0:15:03]} 27... g6 {[%clk 0:26:11]}
28. Kc1 {[%clk 0:14:56]} 28... Be3 {[%clk 0:26:16]} 29. Rf3 {[%clk 0:14:08]}
29... Rd3+ {[%clk 0:24:43]} 30. Kb1 {[%clk 0:13:50]} 30... Rd1+ {[%clk 0:24:46]
} 31. Ka2 {[%clk 0:13:58]} 31... Bg1 {[%clk 0:23:31]} 32. h3 {[%clk 0:13:54]}
32... Bh2 {[%clk 0:23:14]} 33. Rc3 {[%clk 0:14:10]} 33... Kb7 {[%clk 0:23:27]}
34. Rc4 {[%clk 0:13:10]} 34... Bxg3 {[%clk 0:23:00]} 35. Rb4+ {[%clk 0:13:14]}
35... Kc7 {[%clk 0:23:07]} 36. Ra4 {[%clk 0:13:26]} 36... Bf2 {[%clk 0:23:30]}
37. h4 {[%clk 0:13:09]} 37... Rd4 {[%clk 0:23:46]} 38. Rxa7+ {[%clk 0:13:10]}
38... Kd8 {[%clk 0:23:14]} 39. Rxf7 {[%clk 0:12:41]} 39... Rd7 {[%clk 0:23:38]}
40. Rf6 {[%clk 0:09:58]} 40... c5 {[%clk 0:23:19]} 41. e6 {[%clk 0:09:43]}
41... Rg7 {[%clk 0:21:53]} 42. h5 {[%clk 0:09:03]} 42... Ke7 {[%clk 0:19:40]}
43. h6 {[%clk 0:09:14]} 43... Kxf6 {[%clk 0:19:48]} 44. hxg7 {[%clk 0:09:34]}
44... Kxg7 {[%clk 0:20:14]} 45. e7 {[%clk 0:09:36]} 45... Kf7 {[%clk 0:20:28]}
46. Ka3 {[%clk 0:09:34]} 46... h5 {[%clk 0:20:25]} 47. b4 {[%clk 0:09:57]}
47... cxb4+ {[%clk 0:18:23]} 48. Kxb4 {[%clk 0:10:20]} 48... h4 {[%clk 0:18:43]
} 49. c4 {[%clk 0:10:44]} 49... h3 {[%clk 0:18:41]} 50. c5 {[%clk 0:11:09]}
50... Bxc5+ {[%clk 0:18:46]} 51. Kxc5 {[%clk 0:11:32]} 51... h2 {[%clk 0:19:10]
} 52. Kd6 {[%clk 0:11:49]} 52... h1=Q {[%clk 0:16:48]} 53. Kd7 {[%clk 0:12:02]}
53... Qd5+ {[%clk 0:16:38]} 54. Kc8 {[%clk 0:12:06]} 54... Kxe7 {[%clk 0:16:37]
} 0-1

[Event "DEM U14w 2018"]
[Site "Willingen GER"]
[Date "2018.05.21"]
[Round "3"]
[White "Mellugja, Ornela"]
[Black "Prudlik, Elisa"]
[Result "0-1"]
[Termination "normal"]
[Board "13"]
[WhiteElo "747"]
[BlackElo "1286"]
[WhiteClock "00:31:12"]
[BlackClock "01:18:37"]
[PlyCount "60"]
[WhiteFideId "16265998"]
[BlackFideId "16209915"]
[EventCountry "GER"]
[EventRounds "9"]
[EventType "swiss"]
[EventDate "2018.05.19"]

1. f3 Nf6 2. e4 e5 3. d3 Nc6 4. Bg5 h6 5. Bxf6 Qxf6 6. c3 Bc5 7. Ne2 O-O 8. Ng3
d6 9. Nh5 Qh4+ 10. Ng3 f5 11. Nd2 f4 12. d4 exd4 13. Bc4+ Kh8 14. Ndf1 fxg3 15.
Nxg3 dxc3 16. bxc3 Ne5 17. Be2 Ng6 18. Qd2 Nf4 19. Bf1 Nh5 20. O-O-O Nxg3 21.
hxg3 Qxh1 22. Bd3 Qh5 23. g4 Bxg4 24. fxg4 Qxg4 25. e5 Rf2 26. Qe1 Ba3+ 27. Kb1
Rb2+ 28. Ka1 Qxg2 29. Qe4 Rxa2+ 30. Kb1 Qb2# 0-1

[Event "DEM U14w 2018"]
[Site "Willingen GER"]
[Date "2018.05.22"]
[Round "4"]
[White "Liu, Sijia Anna"]
[Black "Brunner, Sophia"]
[Result "0-1"]
[Termination "normal"]
[Board "1"]
[WhiteElo "1748"]
[BlackElo "1742"]
[WhiteClock "00:09:30"]
[BlackClock "00:12:19"]
[PlyCount "108"]
[WhiteFideId "12989746"]
[BlackFideId "12960683"]
[EventCountry "GER"]
[EventRounds "9"]
[EventType "swiss"]
[EventDate "2018.05.19"]

1. e4 {[%clk 1:30:57]} 1... d5 {[%clk 1:30:52]} 2. exd5 {[%clk 1:31:17]} 2...
Qxd5 {[%clk 1:31:16]} 3. Nc3 {[%clk 1:31:36]} 3... Qa5 {[%clk 1:31:32]} 4. d4 {
[%clk 1:31:36]} 4... Nf6 {[%clk 1:31:51]} 5. Bc4 {[%clk 1:31:26]} 5... Nc6 {
[%clk 1:27:54]} 6. Nge2 {[%clk 1:27:08]} 6... Bg4 {[%clk 1:25:02]} 7. f3 {
[%clk 1:26:52]} 7... Bh5 {[%clk 1:25:26]} 8. Be3 {[%clk 1:21:07]} 8... O-O-O {
[%clk 1:13:31]} 9. Qd2 {[%clk 1:15:19]} 9... e5 {[%clk 0:51:43]} 10. d5 { [%clk
1:11:08]} 10... Nb4 {[%clk 0:44:13]} 11. O-O-O {[%clk 1:03:47]} 11... c6 {[%clk
0:39:42]} 12. a3 {[%clk 0:58:30]} 12... Nbxd5 {[%clk 0:39:43]} 13. Nxd5 {[%clk
0:56:31]} 13... Qxd2+ {[%clk 0:40:04]} 14. Rxd2 {[%clk 0:56:47]} 14... cxd5
{[%clk 0:39:18]} 15. Rhd1 {[%clk 0:56:19]} 15... Bxa3 {[%clk 0:22:48]} 16. Bxd5
{[%clk 0:53:05]} 16... Be7 {[%clk 0:20:46]} 17. Bxa7 {[%clk 0:49:27]} 17...
Rxd5 {[%clk 0:20:38]} 18. Rxd5 {[%clk 0:49:04]} 18... Nxd5 { [%clk 0:21:06]}
19. Rxd5 {[%clk 0:49:28]} 19... f6 {[%clk 0:17:03]} 20. Nc3 { [%clk 0:46:57]}
20... Rd8 {[%clk 0:16:02]} 21. Rxd8+ {[%clk 0:45:16]} 21... Bxd8 {[%clk
0:15:03]} 22. Bc5 {[%clk 0:44:09]} 22... Be8 {[%clk 0:11:29]} 23. Bf8 {[%clk
0:42:50]} 23... g6 {[%clk 0:11:51]} 24. Nd5 {[%clk 0:41:42]} 24... Kd7 {[%clk
0:12:15]} 25. c4 {[%clk 0:40:03]} 25... Ke6 {[%clk 0:11:16]} 26. Kd2 {[%clk
0:39:04]} 26... Kf7 {[%clk 0:07:59]} 27. Bc5 {[%clk 0:36:19]} 27... f5 { [%clk
0:07:24]} 28. b4 {[%clk 0:33:59]} 28... Ke6 {[%clk 0:07:29]} 29. Kd3 { [%clk
0:30:23]} 29... Bc6 {[%clk 0:07:13]} 30. Nc3 {[%clk 0:29:53]} 30... Bf6 { [%clk
0:06:06]} 31. b5 {[%clk 0:28:47]} 31... Bd7 {[%clk 0:05:47]} 32. Nd5 { [%clk
0:27:24]} 32... Bd8 {[%clk 0:06:01]} 33. b6 {[%clk 0:23:08]} 33... Bc6 { [%clk
0:04:11]} 34. Nb4 34... Kd7 {[%clk 0:02:35]} 35. Be3 {[%clk 0:18:50]} 35... e4+
{[%clk 0:02:16]} 36. Ke2 {[%clk 0:18:51]} 36... exf3+ {[%clk 0:02:31] } 37.
gxf3 {[%clk 0:19:16]} 37... Be7 {[%clk 0:02:15]} 38. c5 {[%clk 0:17:27]} 38...
Bb5+ {[%clk 0:01:43]} 39. Kf2 {[%clk 0:14:58]} 39... Bc6 {[%clk 0:01:31]} 40.
Kg3 {[%clk 0:14:39]} 40... Bf6 {[%clk 0:00:44]} 41. Kf4 {[%clk 0:13:28]} 41...
h6 {[%clk 0:23:49]} 42. Kg3 {[%clk 0:38:50]} 42... g5 {[%clk 0:21:24]} 43. Bf2
{[%clk 0:32:41]} 43... Bc3 {[%clk 0:17:39]} 44. Nc2 {[%clk 0:29:25]} 44... Be5+
{[%clk 0:15:28]} 45. Kg2 {[%clk 0:25:22]} 45... g4 {[%clk 0:14:33]} 46. Ne1
{[%clk 0:23:42]} 46... Bxf3+ {[%clk 0:13:45]} 47. Nxf3 {[%clk 0:22:48]} 47...
gxf3+ {[%clk 0:14:14]} 48. Kxf3 {[%clk 0:23:08]} 48... Bxh2 { [%clk 0:14:38]}
49. Be3 {[%clk 0:17:14]} 49... f4 {[%clk 0:10:45]} 50. Bd4 { [%clk 0:15:55]}
50... h5 {[%clk 0:10:57]} 51. Ke4 {[%clk 0:15:22]} 51... Kc6 { [%clk 0:11:26]}
52. Bf2 {[%clk 0:12:56]} 52... Bg3 {[%clk 0:11:40]} 53. Bg1 { [%clk 0:10:41]}
53... h4 {[%clk 0:11:55]} 54. Kf3 {[%clk 0:09:30]} 54... h3 { [%clk 0:12:19]}
0-1

[Event "DEM U14w 2018"]
[Site "Willingen GER"]
[Date "2018.05.22"]
[Round "4"]
[White "Rudolph, Eva"]
[Black "Ziegenfuß, Antonia"]
[Result "0-1"]
[Termination "normal"]
[Board "2"]
[WhiteElo "1760"]
[BlackElo "1956"]
[WhiteClock "00:06:19"]
[BlackClock "00:27:53"]
[PlyCount "96"]
[WhiteFideId "16200594"]
[BlackFideId "12962554"]
[EventCountry "GER"]
[EventRounds "9"]
[EventType "swiss"]
[EventDate "2018.05.19"]

1. e4 {[%clk 1:30:57]} 1... c5 {[%clk 1:30:57]} 2. c4 {[%clk 1:31:19]} 2... e5
{[%clk 1:30:34]} 3. Nc3 {[%clk 1:30:32]} 3... Nc6 {[%clk 1:30:33]} 4. Nge2 {
[%clk 1:29:35]} 4... d6 {[%clk 1:28:49]} 5. g3 {[%clk 1:27:49]} 5... Bg4 {
[%clk 1:24:57]} 6. Bg2 {[%clk 1:23:51]} 6... Qd7 {[%clk 1:12:48]} 7. O-O {
[%clk 1:21:26]} 7... h5 {[%clk 0:58:53]} 8. Nd5 {[%clk 0:57:37]} 8... Nd4 {
[%clk 0:48:46]} 9. f3 {[%clk 0:53:06]} 9... Be6 {[%clk 0:45:35]} 10. Nxd4 {
[%clk 0:48:39]} 10... cxd4 {[%clk 0:45:11]} 11. d3 {[%clk 0:46:35]} 11... Ne7 {
[%clk 0:40:03]} 12. f4 {[%clk 0:37:32]} 12... Nxd5 {[%clk 0:35:07]} 13. exd5 {
[%clk 0:36:11]} 13... Bg4 {[%clk 0:33:55]} 14. Qe1 {[%clk 0:30:53]} 14... f6 {
[%clk 0:20:39]} 15. a4 {[%clk 0:19:20]} 15... Bh3 {[%clk 0:15:26]} 16. Rf2 {
[%clk 0:13:34]} 16... h4 {[%clk 0:12:26]} 17. Bd2 {[%clk 0:09:47]} 17... hxg3 {
[%clk 0:10:20]} 18. hxg3 {[%clk 0:09:52]} 18... Qg4 {[%clk 0:10:04]} 19. Re2 {
[%clk 0:08:52]} 19... Be7 {[%clk 0:08:37]} 20. c5 {[%clk 0:05:57]} 20... O-O-O
{[%clk 0:05:37]} 21. c6 {[%clk 0:04:47]} 21... Rh5 {[%clk 0:04:38]} 22. cxb7+ {
[%clk 0:02:25]} 22... Kb8 {[%clk 0:04:43]} 23. Ba5 {[%clk 0:01:47]} 23... Rdh8
{[%clk 0:04:22]} 24. Qc1 {[%clk 0:01:32]} 24... Qd7 {[%clk 0:04:04]} 25. Rc2 {
[%clk 0:00:42]} 25... Bxg2 {[%clk 0:03:21]} 26. Kxg2 {[%clk 0:00:34]} 26...
exf4 {[%clk 0:03:11]} 27. Rc8+ {[%clk 0:00:35]} 27... Rxc8 {[%clk 0:03:27]} 28.
Qxc8+ {[%clk 0:00:46]} 28... Qxc8 {[%clk 0:03:52]} 29. bxc8=Q+ {[%clk 0:01:10]}
29... Kxc8 {[%clk 0:04:17]} 30. Rc1+ {[%clk 0:01:19]} 30... Kb8 {[%clk 0:03:03]
} 31. Re1 {[%clk 0:00:33]} 31... Re5 {[%clk 0:03:10]} 32. gxf4 {[%clk 0:00:32]}
32... Rxe1 {[%clk 0:03:06]} 33. Bxe1 {[%clk 0:00:57]} 33... f5 {[%clk 0:01:58]}
34. Kh3 {[%clk 0:00:33]} 34... g5 {[%clk 0:01:38]} 35. fxg5 {[%clk 0:00:40]}
35... Bxg5 {[%clk 0:02:04]} 36. Bh4 {[%clk 0:00:36]} 36... Bc1 {[%clk 0:02:09]}
37. b3 {[%clk 0:00:49]} 37... Kc7 {[%clk 0:01:19]} 38. Kg3 {[%clk 0:00:42]}
38... Kb6 {[%clk 0:01:37]} 39. Bf6 {[%clk 0:00:31]} 39... Kc5 {[%clk 0:01:59]}
40. Be7 {[%clk 0:00:38]} 40... Kxd5 {[%clk 0:02:23]} 41. Kf3 {[%clk 0:00:46]}
41... Kc5 {[%clk 0:29:08]} 42. b4+ {[%clk 0:14:57]} 42... Kxb4 {[%clk 0:27:12]}
43. Bxd6+ {[%clk 0:15:12]} 43... Kc3 {[%clk 0:27:29]} 44. Ke2 {[%clk 0:09:14]}
44... f4 {[%clk 0:27:29]} 45. Bc5 {[%clk 0:08:36]} 45... a6 {[%clk 0:27:47]}
46. Bb6 {[%clk 0:05:52]} 46... f3+ {[%clk 0:27:11]} 47. Kxf3 {[%clk 0:06:07]}
47... Kxd3 {[%clk 0:27:35]} 48. Ba5 {[%clk 0:06:19]} 48... Kc2 {[%clk 0:27:53]}
0-1

[Event "DEM U14w 2018"]
[Site "Willingen GER"]
[Date "2018.05.22"]
[Round "4"]
[White "Bardorz, Jana"]
[Black "Peglau, Mirjam"]
[Result "1-0"]
[Termination "normal"]
[Board "3"]
[WhiteElo "1622"]
[BlackElo "1739"]
[WhiteClock "00:09:27"]
[BlackClock "00:05:59"]
[PlyCount "107"]
[WhiteFideId "16208897"]
[BlackFideId "16211138"]
[EventCountry "GER"]
[EventRounds "9"]
[EventType "swiss"]
[EventDate "2018.05.19"]

1. e4 {[%clk 1:30:58]} 1... c6 {[%clk 1:30:55]} 2. d4 {[%clk 1:31:20]} 2... d5
{[%clk 1:31:21]} 3. exd5 {[%clk 1:31:41]} 3... cxd5 {[%clk 1:31:46]} 4. c4 {
[%clk 1:30:49]} 4... Nf6 {[%clk 1:31:48]} 5. Nc3 {[%clk 1:29:34]} 5... Nc6 {
[%clk 1:31:28]} 6. Be3 {[%clk 1:25:44]} 6... Be6 {[%clk 1:26:07]} 7. c5 { [%clk
1:21:01]} 7... Bf5 {[%clk 1:17:58]} 8. Nf3 {[%clk 1:17:02]} 8... e6 { [%clk
1:15:46]} 9. a3 {[%clk 1:12:23]} 9... Be7 {[%clk 1:12:57]} 10. Bd3 { [%clk
1:09:31]} 10... Bxd3 {[%clk 1:12:53]} 11. Qxd3 {[%clk 1:09:54]} 11... O-O
{[%clk 1:12:53]} 12. b4 {[%clk 1:06:04]} 12... Qc7 {[%clk 0:59:16]} 13. O-O {
[%clk 0:58:39]} 13... Rfc8 {[%clk 0:57:11]} 14. Rfb1 {[%clk 0:52:46]} 14... h6
{[%clk 0:51:59]} 15. Na4 {[%clk 0:45:35]} 15... Nd7 {[%clk 0:47:28]} 16. Rb2 {
[%clk 0:42:28]} 16... Nd8 {[%clk 0:44:08]} 17. b5 {[%clk 0:39:17]} 17... Qa5 {
[%clk 0:38:55]} 18. Qc2 {[%clk 0:35:52]} 18... Nb6 {[%clk 0:36:21]} 19. Nxb6 {
[%clk 0:33:30]} 19... axb6 {[%clk 0:36:31]} 20. Ne5 {[%clk 0:25:08]} 20... bxc5
{[%clk 0:34:33]} 21. dxc5 {[%clk 0:24:12]} 21... Qc7 {[%clk 0:32:51]} 22. Nd3 {
[%clk 0:22:59]} 22... Bf6 {[%clk 0:32:47]} 23. Bf4 {[%clk 0:21:38]} 23... Qe7 {
[%clk 0:30:55]} 24. Be5 {[%clk 0:17:11]} 24... Bxe5 {[%clk 0:31:01]} 25. Nxe5 {
[%clk 0:17:35]} 25... Rxc5 {[%clk 0:31:14]} 26. Qb3 {[%clk 0:16:22]} 26... Rac8
{[%clk 0:30:05]} 27. Qd1 {[%clk 0:13:01]} 27... Qg5 {[%clk 0:28:05]} 28. Nd3 {
[%clk 0:12:23]} 28... Rc3 {[%clk 0:27:25]} 29. Rbb1 {[%clk 0:11:40]} 29... Qf5
{[%clk 0:26:15]} 30. Nb4 {[%clk 0:11:10]} 30... f6 {[%clk 0:22:35]} 31. Rc1 {
[%clk 0:10:43]} 31... Qe5 {[%clk 0:20:18]} 32. Rxc3 {[%clk 0:08:31]} 32... Qxc3
{[%clk 0:20:29]} 33. h3 {[%clk 0:07:48]} 33... Nf7 {[%clk 0:20:19]} 34. Qe1 {
[%clk 0:06:36]} 34... d4 {[%clk 0:16:11]} 35. Rd1 {[%clk 0:05:39]} 35... e5 {
[%clk 0:16:08]} 36. Qe4 {[%clk 0:05:07]} 36... Qc7 {[%clk 0:10:49]} 37. Nd5 {
[%clk 0:04:40]} 37... Qd8 {[%clk 0:09:48]} 38. b6 {[%clk 0:04:03]} 38... Nd6 {
[%clk 0:09:47]} 39. Qg4 {[%clk 0:03:44]} 39... Rc6 {[%clk 0:06:19]} 40. Qe6+ {
[%clk 0:02:07]} 40... Kh8 {[%clk 0:06:24]} 41. Rd3 {[%clk 0:26:50]} 41... Ne4 {
[%clk 0:33:44]} 42. Qf7 {[%clk 0:24:12]} 42... Ng5 {[%clk 0:32:49]} 43. Qxb7 {
[%clk 0:23:54]} 43... Qxd5 {[%clk 0:32:59]} 44. Qa8+ {[%clk 0:23:23]} 44... Kh7
{[%clk 0:31:13]} 45. b7 {[%clk 0:23:17]} 45... Qe4 {[%clk 0:09:34]} 46. b8=Q {
[%clk 0:17:52]} 46... Nxh3+ {[%clk 0:06:56]} 47. Rxh3 {[%clk 0:15:13]} 47...
Rc1+ {[%clk 0:07:16]} 48. Kh2 {[%clk 0:15:33]} 48... Qf4+ {[%clk 0:07:39]} 49.
g3 {[%clk 0:14:46]} 49... Qxf2+ {[%clk 0:07:52]} 50. Qg2 {[%clk 0:15:09]} 50...
Qe3 {[%clk 0:07:21]} 51. Qbb7 {[%clk 0:12:22]} 51... Re1 {[%clk 0:06:13]} 52.
Qbf3 {[%clk 0:10:19]} 52... Qc1 {[%clk 0:06:11]} 53. Qf5+ {[%clk 0:09:12]}
53... Kh8 {[%clk 0:05:59]} 54. Qa8+ {[%clk 0:09:27]} 1-0

[Event "DEM U14w 2018"]
[Site "Willingen GER"]
[Date "2018.05.22"]
[Round "4"]
[White "Kunisch, Nina"]
[Black "Schnabel, Luise"]
[Result "0-1"]
[Termination "normal"]
[Board "4"]
[WhiteElo "1704"]
[BlackElo "1717"]
[WhiteClock "00:31:53"]
[BlackClock "00:29:11"]
[PlyCount "94"]
[WhiteFideId "12982849"]
[BlackFideId "12943347"]
[EventCountry "GER"]
[EventRounds "9"]
[EventType "swiss"]
[EventDate "2018.05.19"]

1. d4 {[%clk 1:30:54]} 1... Nf6 {[%clk 1:30:42]} 2. Nc3 {[%clk 1:31:06]} 2...
d5 {[%clk 1:29:35]} 3. Bf4 {[%clk 1:30:57]} 3... e6 {[%clk 1:26:27]} 4. a3 {
[%clk 1:28:18]} 4... c5 {[%clk 1:21:43]} 5. e3 {[%clk 1:23:56]} 5... a6 { [%clk
1:19:29]} 6. Nf3 {[%clk 1:21:49]} 6... Nc6 {[%clk 1:18:15]} 7. dxc5 { [%clk
1:13:19]} 7... Bxc5 {[%clk 1:14:30]} 8. b4 {[%clk 1:10:15]} 8... Be7 { [%clk
1:11:13]} 9. Be2 {[%clk 1:00:48]} 9... O-O {[%clk 1:06:09]} 10. O-O { [%clk
0:59:49]} 10... Nh5 {[%clk 0:50:02]} 11. Be5 {[%clk 0:46:23]} 11... Nxe5 {[%clk
0:48:48]} 12. Nxe5 {[%clk 0:45:48]} 12... Nf6 {[%clk 0:48:51]} 13. Na4 { [%clk
0:41:13]} 13... Qc7 {[%clk 0:44:21]} 14. Nf3 {[%clk 0:36:34]} 14... Bd7 { [%clk
0:41:38]} 15. Nb2 {[%clk 0:34:45]} 15... Qc3 {[%clk 0:37:07]} 16. Qc1 { [%clk
0:28:39]} 16... Rac8 {[%clk 0:33:42]} 17. Bd3 {[%clk 0:28:31]} 17... e5 { [%clk
0:31:41]} 18. Ne1 {[%clk 0:26:49]} 18... e4 {[%clk 0:22:02]} 19. Be2 { [%clk
0:26:17]} 19... Ng4 {[%clk 0:21:40]} 20. h3 {[%clk 0:21:17]} 20... Bf6 { [%clk
0:16:52]} 21. hxg4 {[%clk 0:19:12]} 21... Qxb2 {[%clk 0:17:11]} 22. Qxb2 {[%clk
0:19:39]} 22... Bxb2 {[%clk 0:17:32]} 23. Ra2 {[%clk 0:19:14]} 23... Bc3 {[%clk
0:17:11]} 24. f4 {[%clk 0:17:18]} 24... d4 {[%clk 0:16:26]} 25. f5 { [%clk
0:15:28]} 25... dxe3 {[%clk 0:15:56]} 26. g3 {[%clk 0:13:46]} 26... Bc6 { [%clk
0:15:14]} 27. a4 {[%clk 0:11:22]} 27... Bxb4 {[%clk 0:15:17]} 28. c4 { [%clk
0:10:17]} 28... Rfd8 {[%clk 0:14:29]} 29. Ng2 {[%clk 0:08:06]} 29... Bc5 {[%clk
0:13:36]} 30. Nf4 {[%clk 0:07:15]} 30... Rd2 {[%clk 0:12:32]} 31. Raa1 { [%clk
0:07:09]} 31... Bd6 {[%clk 0:09:51]} 32. Rfe1 {[%clk 0:06:14]} 32... g6 { [%clk
0:05:53]} 33. Kg2 {[%clk 0:05:05]} 33... Bxf4 {[%clk 0:05:05]} 34. gxf4 { [%clk
0:05:20]} 34... gxf5 {[%clk 0:04:33]} 35. gxf5 {[%clk 0:05:47]} 35... Bd7
{[%clk 0:04:36]} 36. f6 {[%clk 0:05:44]} 36... Rxc4 {[%clk 0:02:55]} 37. Kh1 {
[%clk 0:05:41]} 37... Rcc2 {[%clk 0:02:19]} 38. Rad1 {[%clk 0:03:40]} 38...
Rxd1 {[%clk 0:01:04]} 39. Rxd1 {[%clk 0:02:54]} 39... Rxe2 {[%clk 0:01:22]} 40.
Rxd7 {[%clk 0:03:19]} 40... h5 {[%clk 0:01:23]} 41. Rxb7 {[%clk 0:02:27]} 41...
Rf2 {[%clk 0:30:17]} 42. Kg1 {[%clk 0:32:39]} 42... Rxf4 {[%clk 0:30:20]} 43.
Rb2 {[%clk 0:32:41]} 43... Rxf6 {[%clk 0:30:10]} 44. Re2 {[%clk 0:32:33]} 44...
Rf3 {[%clk 0:30:24]} 45. a5 {[%clk 0:32:35]} 45... f5 {[%clk 0:30:20]} 46. Rh2
{[%clk 0:32:21]} 46... f4 {[%clk 0:29:57]} 47. Re2 {[%clk 0:31:53]} 47... Rf2 {
[%clk 0:29:11]} 0-1